Effects of health progress on child mortality in Sub-Saharan Africa (Record no. 41340)

MARC details
000 -LEADER
fixed length control field 00653nam a2200157 a 4500
008 - FIXED-LENGTH DATA ELEMENTS--GENERAL INFORMATION
fixed length control field 120416s1993 ||||||||||||||||| || u
020 ## - INTERNATIONAL STANDARD BOOK NUMBER
International Standard Book Number 0309049415
050 ## - LIBRARY OF CONGRESS CALL NUMBER
Classification number HB 1323.C5 Nat
100 ## - MAIN ENTRY--PERSONAL NAME
Personal name Gribble, James N
245 10 - TITLE STATEMENT
Title Effects of health progress on child mortality in Sub-Saharan Africa
Statement of responsibility, etc. edited by Douglas C. Ewbank
260 ## - PUBLICATION, DISTRIBUTION, ETC.
Place of publication, distribution, etc. Washington, [D.C.]
Name of publisher, distributor, etc. National Academy Press
Date of publication, distribution, etc. 1993
350 ## - PRICE (NR) (BK AM CF MU VM SE) [OBSOLETE]
Price 0.00
650 ## - SUBJECT ADDED ENTRY--TOPICAL TERM
Topical term or geographic name entry element CHILDREN--AFRICA, SUB-SAHARAN--MORTALITY
700 ## - ADDED ENTRY--PERSONAL NAME
Personal name Ewbank, Douglas C
995 ## - RECOMMENDATION 995 [LOCAL, UNIMARC FRANCE]
-- 0.00
-- CBU-MAIN LIBRARY (Kitwe)
-- 1
-- 0.00
-- 1
-- AVAILABLE
-- Annex Low-Usage Collection
Holdings
Withdrawn status Lost status Source of classification or shelving scheme Damaged status Not for loan Home library Current library Shelving location Date acquired Total Checkouts Full call number Barcode Date last seen Price effective from Koha item type
          CBU-MAIN LIBRARY, KITWE. CBU-MAIN LIBRARY, KITWE.   11/30/2022   HB 1323.C5 Nat 002585 11/30/2022 11/30/2022 MONOGRAPH